Diccionario de química y de productos químicos ; español-inglés: inglés-español.

Guardado en:
Otros Autores: Rose, Arthur, 1903- (ed.), Rose, Elizabeth, 1899- (ed.)
Formato: Libro
Idioma:Spanish
English
Publicado: Barcelona : Ediciones Omega, [1959]
Edición:Ed. totalmente rev. y ampliada,
Materias:
Etiquetas: Agregar Etiqueta
Sin Etiquetas, Sea el primero en etiquetar este registro!
LEADER 01050cam a2200253 a 4500
001 EEA.libagro010362
005 20150413100934.0
008 700601s1959####sp#######d####000#0#spa##
010 |a  61033121  
040 |a DLC  |c DLC  |d DLC 
041 1 |a spa  |h eng 
050 0 0 |a QD5  |b .C517 
082 0 4 |a 540.3 
240 1 0 |a Condensed chemical dictionary. Spanish 
245 0 0 |a Diccionario de química y de productos químicos ;  |b español-inglés: inglés-español. 
250 |a Ed. totalmente rev. y ampliada,  |b por Arthur y Elizabeth Rose. Con un prólogo del Prof. Dr. José Pascual Vila. [Traducción española del Dr. Juan Castañer Gargallo]. 
260 |a Barcelona :  |b Ediciones Omega,  |c [1959] 
300 |a 995, 130 p. ;  |c 24 cm. 
500 |a "La edición original de esta obra ha sido publicada ... con el título Condensed chemical dictionary." 
650 0 |a Diccionarios  |2 unbist 
650 0 |a Química  |2 unbist 
700 1 |a Rose, Arthur,  |d 1903-  |e ed. 
700 1 |a Rose, Elizabeth,  |d 1899-  |e ed. 
859 |a AR-BbBCA  |b BIB. AGRONOMIA  |h C540.3  |i R795  |p 1961/0176